AI for Small Business From Marketing and Sales to HR and Operations, How to Employ the Power of Artificial Intelligence for Small Business Success

Uložené v:
Podrobná bibliografia
Hlavný autor: Pallen, Phil
Médium: Kniha
Jazyk:English
Vydavateľské údaje: Stoughton Adams Media 2025
Predmet:
Tagy: Pridať tag
Žiadne tagy, Buďte prvý, kto otaguje tento záznam!

MARC

LEADER 00000nam a2200000 4500
001 0313133
005 20251204115110.2
020 |a 9781507222904 
041 0 |a eng 
044 |a US 
245 1 0 |a AI for Small Business  |b From Marketing and Sales to HR and Operations, How to Employ the Power of Artificial Intelligence for Small Business Success  |c Phil Pallen 
264 1 |a Stoughton  |b Adams Media  |c 2025 
300 |a 192 s. 
500 |a ProQuest e-books. 
610 2 0 |a inteligencia umelá 
610 2 0 |a podnik malý 
610 2 0 |a podnikanie malé 
610 2 0 |a marketing 
610 2 0 |a predaj 
610 2 0 |a financie 
610 2 0 |a riadenie ľudských zdrojov 
100 1 |a Pallen, Phil